LDR 01409naa#a2200217#i#450# 001 RU\\bibl\117140 005 20260430131205.4 011 ## _a2782-5957 100 ## _a20260330b2026####ek#y0rusy0150####ca 102 ## _aRU 200 1# _aПОВЫШЕНИЕ ЭНЕРГЕТИЧЕСКОЙ ЭФФЕКТИВНОСТИ ТЕПЛОСИЛОВЫХ УСТАНОВОК НА ОСНОВЕ ЭКСЕРГЕТИЧЕСКОГО АНАЛИЗА И ОПТИМИЗАЦИИ СИСТЕМ УТИЛИЗАЦИИ ТЕПЛОТЫ _eЖурнальная статья 210 1# _aБрянск _cБрянский государственный технический университет _d2026 215 ## _a8 с. 608 ## _aЖурнальная статья _2local 675 ## _aТепловые двигатели в целом. Получение, распределение и использование пара. Паровые машины. Паровые котлы. 621.1 _aОбщая энергетика. 620.9 _z 686 ## _aТехнология производства оборудования отраслевого назначения. 347 _2bbk 700 #1 _aБрянцев _gМаксим Анатольевич 700 #1 _aДанилейченко _gАлександр Анатольевич 700 #1 _aДоценко _gДанил Михайлович 700 #1 _aКовтун _gАлександр Сергеевич 856 4# _anaukaru.ru _u